| 000 | 00493nam a2200181Ia 4500 | ||
|---|---|---|---|
| 008 | 240925s9999 xx 000 0 und d | ||
| 020 | _a9780070700796 | ||
| 082 | _a658.15 CHA | ||
| 100 | _aChandra, Prasanna | ||
| 245 | 0 | _aFundamentals of Financial Management | |
| 250 | _a5th | ||
| 260 |
_aNew Delhi: _bMcGraw Hill Education (India) Private Limited _c,2011. |
||
| 300 |
_a262p. _b0 _fOriginal |
||
| 500 | _aIncludes Index | ||
| 600 | _aManagement | ||
| 650 | _aManagement | ||
| 942 | _cBK | ||
| 999 |
_c15246 _d15246 |
||